| 000 | 00654nam a2200181Ia 4500 | ||
|---|---|---|---|
| 008 | 090124s9999 xx 000 0 und d | ||
| 082 | _b25860 | ||
| 100 | _aदेशपांडे हेरंब | ||
| 245 | _a मन्तरलेली ... अन्तरलेली | ||
| 250 | _a0 | ||
| 260 |
_bप्रपंच प्रकाशन _c1987 |
||
| 300 | _a140 | ||
| 600 | _aदेशपांडे हेरंब | ||
| 630 | _a मन्तरलेली ... अन्तरलेली | ||
| 700 | _aदेशपांडे हेरंब | ||
| 730 | _a मन्तरलेली ... अन्तरलेली | ||
| 942 | _cBOOK | ||
| 999 |
_c93792 _d93792 |
||